| 000 | 01404cam a2200373 i 4500 | ||
|---|---|---|---|
| 001 | 30800 | ||
| 003 | Mx-PuUPA | ||
| 005 | 20250508141346.0 | ||
| 008 | 140415s2010 mx # gr 000 0 spa d | ||
| 020 | _a9786077698296 | ||
| 020 | _a9789686977172 | ||
| 040 |
_cmx _aMx-PuUPA _bspa _dMx-PuUPA _erda |
||
| 041 | 0 | _aspa | |
| 100 | 1 |
_aMitre Camacho, Sofía _916947 _eautor |
|
| 245 | 1 | 0 |
_aAplicación de costos en PYMES / _cSofía Mitre Camacho, Virginia Castro López, Juan Sánchez Osorio |
| 246 | 1 | 4 | _aLa aplicación de costos en PYMES. |
| 250 |
_a1a edición / _bjunio |
||
| 264 | 1 |
_aTlaxcala, Tlaxcala : _bUniversidad Autónoma de Tlaxcala, _c©2010 |
|
| 300 |
_a157 páginas : _bhojas de cálculo, tablas ; _c23 cm |
||
| 336 |
_2rdacontent _atexto _btxt |
||
| 337 |
_2rdamedia _asin medio _bn |
||
| 338 |
_2rdacarrier _avolumen _bnc |
||
| 490 | 0 | _aColección Capacitación para la empresa | |
| 490 | 0 | _aLibros en preparación | |
| 650 | 7 |
_2armarc _aNegocios en pequeño _913986 |
|
| 650 | 7 |
_2armarc _aPequeñas y medianas empresas _xAdmnistración |
|
| 650 | 7 |
_2armarc _aPequeñas y medianas empresas _xCostos |
|
| 700 | 1 |
_aCastro López, Virginia, _eautor |
|
| 700 | 1 |
_aSánchez Osorio, Juan, _eautor |
|
| 942 |
_2ddc _cLI _h658.1552 _iM67 |
||
| 999 |
_c30800 _d30800 |
||